Daly M Winners Quiz - Statistics

General Stats
  • This quiz has been taken 7 times
  • The average score is 15 of 44
Answer Stats
Season Player % Correct
2022 Nicho Hynes
100%
2007 Johnathan Thurston
83%
2014 Johnathan Thurston
83%
2015 Johnathan Thurston
83%
1998 Andrew Johns
67%
1999 Andrew Johns
67%
2002 Andrew Johns
67%
2006 Cameron Smith
67%
2017 Cameron Smith
67%
2019 James Tedesco
67%
2016 Jason Taumalolo
67%
2005 Johnathan Thurston
67%
1996 Allan Langer
50%
2011 Billy Slater
50%
2013 Cooper Cronk
50%
2016 Cooper Cronk
50%
2018 Roger Tuivasa-Sheck
50%
2021 Tom Trbojevic
50%
2009 Jarryd Hayne
33%
2014 Jarryd Hayne
33%
1986 Peter Sterling
33%
1987 Peter Sterling
33%
1979 Steve Morris
33%
2012 Ben Barba
17%
1988 Gavin Miller
17%
1989 Gavin Miller
17%
2020 Jack Wighton
17%
2008 Matt Orford
17%
2001 Preston Campbell
17%
1982 Ray Price
17%
1993 Ricky Stuart
17%
1983 Terry Lamb
17%
1990 Cliff Lyons
0%
1994 Cliff Lyons
0%
2004 Danny Buderus
0%
1992 Gary Freeman
0%
1985 Greg Alexander
0%
1995 Laurie Daley
0%
1984 Michael Potter
0%
1991 Michael Potter
0%
1980 Robert Laurie
0%
1981 Steve Rogers
0%
2010 Todd Carney
0%
2000 Trent Barrett
0%
No matching quizzes found
Score Distribution
Percent of People with Each Score
Percentile by Number Answered
Your Score History
You have not taken this quiz